000 00789nam a22001337a 4500
040 _cRUA
082 _aAVM CHH 2013 B105 Or.1
100 _aCHHIM, EAM.
245 _aEffective univerm totalon gastro-intestinal trains dogs in the department of police control at porsenchey district, phnom penh, ប្រសិទ្ធភាពឱសថ UNIVERM TOTAL ទៅលើបរាសិតខាងក្នុងក្រពះ ពោះវៀនសុនជំនាញ នៅអង្គភាពតម្រួតបទបញ្ជាខណ្ឌសែនជ័យ រាជធានីភ្នំពេញ.
260 _aphnom penh
_bRUA
_c2013
300 _aIX,36p.
_bill.
_c29cm.
856 _uhttps://drive.google.com/file/d/1rkJmhsqNRnfMW3cihlC2ilYo6OM5h9IJ/view?usp=sharing
942 _cAVM
999 _c2708
_d2708